|
|
|
|
| LEADER |
01342nam a22003612a 4500 |
| 001 |
000154054 |
| 003 |
CZ BrMZK |
| 005 |
20080109121912.0 |
| 007 |
ta |
| 008 |
970107s1988 xr f cze d |
| 015 |
|
|
|a cnb000041600
|
| 035 |
|
|
|a (OCoLC)39404687
|
| 040 |
|
|
|a BOA001
|b cze
|
| 041 |
0 |
|
|a cze
|a fre
|
| 080 |
9 |
|
|a 804.0-82
|
| 080 |
9 |
|
|a 801
|
| 100 |
1 |
|
|a Priesolová, Janka,
|d 1952-
|7 mzk2004235087
|4 aut
|
| 245 |
1 |
0 |
|a Sbírka francouzských lingvistických textů :
|b gramatika /
|c Janka Priesolová
|
| 250 |
|
|
|a 1. vyd.
|
| 260 |
|
|
|a Praha :
|b Státní pedagogické nakladatelství,
|c 1988
|
| 300 |
|
|
|a 180 s.
|
| 490 |
1 |
|
|a Učební texty vysokých škol
|
| 504 |
|
|
|a Obsahuje bibliografii
|
| 546 |
|
|
|a Název též francouzsky
|
| 550 |
|
|
|a Vyd.: Univerzita Karlova, Filozofická fakulta
|
| 710 |
2 |
|
|a Univerzita Karlova.
|b Filozofická fakulta
|7 kn20010710340
|
| 810 |
2 |
|
|a Univerzita Karlova.
|b Filozofická fakulta.
|t Učební texty
|0 s
|
| 910 |
|
|
|a BOA001
|b PK-N-0027.471
|b 4-0935.561
|
| 964 |
|
|
|a Francouzština - texty odborné - jazykověda - učebnice - školy vysoké
|
| 990 |
|
|
|a BK
|
| 991 |
|
|
|b 200801
|
| 996 |
7 |
|
|b 3119951405
|c PK-N-0027.471
|l MZK
|r Sklad / do 1 hodiny
|n 1
|w 000154054
|u 000010
|a 1
|e BOA001
|j MZK50
|s A
|
| 996 |
6 |
|
|b BC-533006
|c 4-0935.561
|l MZK
|r Sklad / do 1 hodiny
|n 0
|w 000154054
|u 000020
|a 1
|e BOA001
|j MZK50
|s P
|